| 000 | 00566nam a2200181Ia 4500 | ||
|---|---|---|---|
| 003 | GCL | ||
| 008 | 140319s9999 xx 000 0 ara d | ||
| 040 |
_aGCL / _cGCL |
||
| 082 | 0 | 4 |
_a433.1 _bت ق |
| 100 | 1 | _aتوفيق مرة | |
| 245 | 1 | 0 |
_aالقاموس الحديث: المانى - عربى / _cتوفيق مرة |
| 300 | _a642 ص | ||
| 490 |
_aالهيئة العامة للاستعلامات _v0 |
||
| 650 | 0 | 4 | _aالمعاجم |
| 650 | 0 | 4 | _aاللغة الالمانية - معاجم |
| 650 | 0 | 4 | _aاللغة العربية - معاجم |
| 942 |
_2ddc _cBK |
||
| 999 |
_c51861 _d51861 |
||